Catálogo
 En Linea

La defensa de los derechos del hombre en América Latina / (Registro nro. 22014)

Detalles MARC
000 -CABECERA
campo de control de longitud fija 00501nam a2200169 a 4500
001 - NÚMERO DE CONTROL
campo de control 000022516
005 - FECHA Y HORA DE LA ÚLTIMA TRANSACCIÓN
campo de control 20200930021642.0
008 - DATOS DE LONGITUD FIJA--INFORMACIÓN GENERAL
campo de control de longitud fija 100226s1963 bl 000 0 spa d
040 ## - FUENTE DE LA CATALOGACIÓN
Centro catalogador/agencia de origen DO-SdBNP
Lengua de catalogación spa
Centro/agencia transcriptor BNPHU
082 ## - NÚMERO DE LA CLASIFICACIÓN DECIMAL DEWEY
Número de clasificación xxx
Número de documento/Ítem Z12d
049 ## - FONDOS LOCALES (OCLC)
Fondos de biblioteca BNPD
100 1# - ENTRADA PRINCIPAL--NOMBRE DE PERSONA
Nombre de persona zavala, Silvio
9 (RLIN) 46363
245 10 - MENCIÓN DE TÍTULO
Título La defensa de los derechos del hombre en América Latina /
Mención de responsabilidad, etc. Silvio Zavala.
260 ## - PUBLICACIÓN, DISTRIBUCIÓN, ETC.
Lugar de publicación, distribución, etc. Bélgica :
Nombre del editor, distribuidor, etc. Unesco,
Fecha de publicación, distribución, etc. 1963.
300 ## - DESCRIPCIÓN FÍSICA
Extensión 63 p. ;
Dimensiones 23 cm,.
500 ## - NOTA GENERAL
Nota general Incluye notas al pie de las páginas
Existencias
Estado de retiro Estado de pérdida Restricciones de uso No para préstamo Código de colección Localización permanente Ubicación/localización actual Ubicación en estantería Fecha de adquisición Número de inventario Total de préstamos Signatura topográfica completa Código de barras Fecha visto por última vez Precio válido a partir de Tipo de ítem Koha
        Monografías: Libros y Folletos General General Orden iniciada 12.10.2010 LF1   xxx Z12d 22516-10 25.06.2020 25.06.2020 No se presta

Con tecnología Koha